Loading...
Auditory Arts | 3 | 6.67 | 67% | 0% | 0% |
Beliefs | 7 | 14.29 | 86% | 57% | 0% |
Current Events | 2 | 15.00 | 100% | 50% | 0% |
Fine Arts - Other Arts | 3 | 10.00 | 67% | 33% | 0% |
Geography | 1 | 0.00 | 0% | 0% | 0% |
History - American History | 3 | 16.67 | 100% | 67% | 0% |
History - Ancient History | 2 | 15.00 | 100% | 50% | 0% |
History - European History | 3 | 10.00 | 100% | 0% | 0% |
History - Other History | 1 | 10.00 | 100% | 0% | 0% |
History - World History | 3 | 6.67 | 67% | 0% | 0% |
Literature - American Literature | 2 | 10.00 | 50% | 50% | 0% |
Literature - British Literature | 4 | 15.00 | 100% | 50% | 0% |
Literature - European Literature | 2 | 15.00 | 100% | 50% | 0% |
Literature - World Literature | 4 | 12.50 | 100% | 25% | 0% |
Philosophy | 1 | 0.00 | 0% | 0% | 0% |
Science - Biology | 2 | 10.00 | 50% | 0% | 50% |
Science - Chemistry | 2 | 10.00 | 100% | 0% | 0% |
Science - Other Science | 6 | 10.00 | 50% | 33% | 17% |
Science - Physics | 2 | 0.00 | 0% | 0% | 0% |
Social Science | 4 | 7.50 | 50% | 25% | 0% |
Visual Arts | 2 | 10.00 | 50% | 50% | 0% |